[Event "Championnat de France des Jeunes - Benjamins"]
[Site "MONTLUCON"]
[Date "2011.04.18"]
[Round "3.7"]
[White "Pruvot, Louis"]
[Black "Stili, Karim"]
[Result "1-0"]
[WhiteElo "1973"]
[BlackElo "1803"]
[PlyCount "53"]

1. d4 c5 2. d5 e6 3. c4 exd5 4. cxd5 d6 5. Nf3 Nf6 6. Nc3 g6 7. Bf4 Bf5 8. h3
Na6 9. Nd2 Qe7 10. e3 Nc7 11. Nc4 Qd7 12. a4 Ne4 13. Nb5 Nxb5 14. axb5 Qd8 15.
Bd3 Nf6 16. Bxf5 gxf5 17. O-O Rg8 18. Ra3 Rg6 19. Qf3 Ne4 20. Rfa1 b6 21. Rxa7
Rb8 22. R1a6 Bg7 23. Qh5 Rf6 24. Qxh7 Kf8 25. f3 Rh6 26. Bxh6 Nf6 27. Qxg7+ 1-0

[Event "Championnat de France des Jeunes - Benjamins"]
[Site "MONTLUCON"]
[Date "2011.??.18"]
[Round "3.8"]
[White "Delpierre, Elie"]
[Black "Purenne, Benoit"]
[Result "1/2-1/2"]
[WhiteElo "1781"]
[BlackElo "1940"]
[PlyCount "97"]

1. d4 d5 2. c4 e6 3. Nf3 Nf6 4. Nc3 Be7 5. Bg5 O-O 6. e3 Nbd7 7. Bd3 dxc4 8.
Bxc4 a6 9. a4 c5 10. O-O cxd4 11. exd4 Nb6 12. Bd3 h6 13. Bh4 Nfd5 14. Bxe7
Qxe7 15. Ne5 Nb4 16. Be4 Rd8 17. Ne2 N6d5 18. Qb3 Nf6 19. Bf3 Rb8 20. Rac1 b5
21. a5 Bd7 22. Rc7 Nfd5 23. Bxd5 Nxd5 24. Ra7 Qd6 25. Nc3 Nf6 26. Rd1 Be8 27.
Nd3 b4 28. Ne2 Bb5 29. Ndf4 Rbc8 30. h3 Bc4 31. Qf3 Qc6 32. Qxc6 Rxc6 33. Rc1
Rdc8 34. Rd1 Bb3 35. Rd3 Bc4 36. Rf3 Bxe2 37. Nxe2 Rc2 38. Re3 Nd5 39. Rf3 R8c7
40. Ra8+ Kh7 41. Nf4 Rxb2 42. Nxd5 exd5 43. Rxa6 Rd2 44. Rb6 Rxd4 45. a6 Rd1+
46. Kh2 Ra7 47. Rb7 Rxa6 48. Rfxf7 Rg6 49. Rxb4 1/2-1/2

[Event "Championnat de France des Jeunes - Benjamins"]
[Site "MONTLUCON"]
[Date "2011.04.18"]
[Round "3.9"]
[White "Rodriguez, Adrien"]
[Black "Hyjazi, Theo"]
[Result "1/2-1/2"]
[WhiteElo "1889"]
[BlackElo "1717"]
[PlyCount "36"]

1. d4 d6 2. Nf3 Bg4 3. e3 Nf6 4. c4 Nbd7 5. Be2 c6 6. O-O g6 7. Nc3 Bg7 8. h3
Bxf3 9. Bxf3 O-O 10. b4 Qc7 11. c5 d5 12. Bb2 e5 13. dxe5 Nxe5 14. Be2 Rad8 15.
Qc2 Rfe8 16. Rad1 Qe7 17. Bc1 Ned7 18. Bd3 Ne5 1/2-1/2

[Event "Championnat de France des Jeunes - Benjamins"]
[Site "MONTLUCON"]
[Date "2011.04.18"]
[Round "3.10"]
[White "Charvein, Gabriel"]
[Black "Poulet, Pierre-Emmanuel"]
[Result "0-1"]
[WhiteElo "1689"]
[BlackElo "1903"]
[PlyCount "118"]

1. d4 Nf6 2. Bg5 Ne4 3. Bf4 c5 4. f3 Qa5+ 5. c3 Nf6 6. Nd2 cxd4 7. Nb3 Qf5 8.
Bxb8 Rxb8 9. Nxd4 Qe5 10. e4 g6 11. Bd3 Bh6 12. Qe2 O-O 13. Nh3 d6 14. Nf2 a6
15. g3 Qa5 16. f4 e5 17. Nb3 Qb6 18. f5 gxf5 19. exf5 d5 20. g4 e4 21. Bc2 Bd7
22. a4 Qe3 23. h4 Bf4 24. Qxe3 Bxe3 25. Rg1 Kh8 26. Ke2 Ba7 27. Nd4 Bc6 28. g5
Nh5 29. Ng4 Rbe8 30. b4 f6 31. Ne3 Bb8 32. g6 hxg6 33. fxg6 Ng3+ 34. Rxg3 Bxg3
35. Rg1 Bxh4 36. g7+ Kg8 37. gxf8=Q+ Kxf8 38. Nef5 Bg5 39. Rh1 Kg8 40. Nxc6
bxc6 41. Nd4 Rc8 42. Rg1 Kf7 43. Bb3 Ke7 44. c4 Kd6 45. c5+ Ke5 46. Nc2 d4 47.
Na3 d3+ 48. Kd1 Kd4 49. Be6 Re8 50. Bd7 Re7 51. Bxc6 e3 52. Rg4+ Kc3 53. Nb1+
Kb2 54. Be4 f5 55. Bxf5 e2+ 56. Ke1 d2+ 57. Nxd2 Bxd2+ 58. Kxd2 e1=Q+ 59. Kd3
Qc3# 0-1

[Event "Championnat de France des Jeunes - Benjamins"]
[Site "MONTLUCON"]
[Date "2011.04.19"]
[Round "4.1"]
[White "Msellek, Ilyass"]
[Black "Lamard, Guillaume"]
[Result "0-1"]
[WhiteElo "2083"]
[BlackElo "2162"]
[Annotator ""]

1. e4 e5 2. Nc3 Nf6 3. Bc4 Bc5 4. d3 d6 5. Nf3 c6 6. O-O O-O 7. Bg5 h6 8. Bxf6
Qxf6 9. Bb3 a5 10. a4 Na6 11. Ne2 Nc7 12. Ne1 Be6 13. c3 Rab8 14. Rb1 Rfd8 15.
Bxe6 Nxe6 16. Nf3 d5 17. Qc2 Bb6 18. Rbd1 Ng5 19. Nxg5 hxg5 20. Ng3 g6 21. Qe2
d4 22. c4 Kg7 23. Nh1 Bc5 24. Rb1 b5 25. b3 Rb7 26. Qc2 Bb4 27. Ng3 Rdb8 28.
Ne2 bxa4 29. bxa4 g4 30. Rfd1 Qg5 31. Ng3 Rh8 32. Qe2 Rbb8 33. Nf1 Rh4 34. g3
Rh3 35. f3 Rhh8 36. Qg2 Bc3 37. Qc2 Rb4 38. Rb3 Rhb8 39. Rdb1 c5 40. Kg2 0-1

[Event "Championnat de France des Jeunes - Benjamins"]
[Site "MONTLUCON"]
[Date "2011.04.19"]
[Round "4.2"]
[White "Bellahcene, Bilel"]
[Black "Viennot, Dylan"]
[Result "*"]
[WhiteElo "2156"]
[BlackElo "2076"]
[PlyCount "119"]

1. d4 e6 2. c4 f5 3. g3 Nf6 4. Bg2 d5 5. Nf3 c6 6. O-O Bd6 7. b3 Qe7 8. a4 O-O
9. Ba3 Bxa3 10. Nxa3 Nbd7 11. Qd3 Ne4 12. Nc2 g5 13. a5 Rf7 14. Nd2 Nxd2 15.
Qxd2 h5 16. a6 Nf8 17. axb7 Bxb7 18. Ra5 h4 19. Rfa1 hxg3 20. hxg3 a6 21. Nb4
f4 22. Nxa6 Qf6 23. Qc3 fxg3 24. Qxg3 Qxd4 25. Nc5 Rxa5 26. Rxa5 Bc8 27. Nd3
Qb6 28. Ra8 Qb7 29. Rb8 Qc7 30. Qxg5+ Rg7 31. Qe5 Qxe5 32. Nxe5 Ba6 33. Rb6 Bb7
34. c5 Nd7 35. Nxd7 Rxd7 36. b4 Rc7 37. f4 Kf7 38. Kf2 Kf6 39. e4 Ke7 40. Ke3
Kd8 41. Kd4 Rd7 42. e5 Rf7 43. f5 exf5 44. e6 Rg7 45. Ke5 Kc7 46. Bh3 Bc8 47.
Bxf5 Rg1 48. Kf6 Rf1 49. b5 cxb5 50. Rd6 b4 51. Rxd5 b3 52. e7 b2 53. e8=Q
Rxf5+ 54. Rxf5 b1=Q 55. Qe5+ Kc6 56. Qd6+ Kb7 57. c6+ Ka6 58. Qa3+ Kb6 59. Qa5+
Kxc6 60. Rc5+ *

[Event "Championnat de France des Jeunes - Benjamins"]
[Site "MONTLUCON"]
[Date "2011.04.19"]
[Round "4.3"]
[White "Gelas, Christophe"]
[Black "Kambrath, Yannick"]
[Result "1-0"]
[WhiteElo "2047"]
[BlackElo "2124"]
[PlyCount "69"]

1. d4 Nf6 2. c4 g6 3. f3 Nc6 4. Nc3 d5 5. e4 dxc4 6. Be3 Bg7 7. Bxc4 O-O 8.
Nge2 e5 9. d5 Na5 10. Bd3 b6 11. b4 Nb7 12. O-O Ne8 13. Rc1 f5 14. exf5 gxf5
15. f4 e4 16. Ba6 Nbd6 17. Bxc8 Rxc8 18. Qb3 Rf6 19. Nd4 Rh6 20. g3 Bxd4 21.
Bxd4 Nf6 22. Bxf6 Rxf6 23. Nd1 h5 24. Ne3 Rg6 25. Rc6 Kh7 26. Rfc1 h4 27. Kf2
Qd7 28. Qc3 Nb5 29. Qe5 Rxc6 30. Rxc6 Nd6 31. Qf6 hxg3+ 32. hxg3 Qg7 33. Rxd6
cxd6 34. Qxf5+ Kh6 35. Ng4+ 1-0

[Event "Championnat de France des Jeunes - Benjamins"]
[Site "MONTLUCON"]
[Date "2011.04.19"]
[Round "4.4"]
[White "Purenne, Benoit"]
[Black "Pruvot, Louis"]
[Result "1-0"]
[WhiteElo "1940"]
[BlackElo "1973"]
[PlyCount "71"]

1. d4 Nf6 2. Nf3 d5 3. e3 e6 4. Bd3 c5 5. b3 Nc6 6. Bb2 Bd6 7. O-O O-O 8. Nbd2
b6 9. a3 Bb7 10. Ne5 Ne7 11. f4 Ne4 12. Bxe4 dxe4 13. Ndc4 Nd5 14. Nxd6 Qxd6
15. dxc5 Qxc5 16. Bd4 Qe7 17. c4 Nc7 18. Ng4 f6 19. Qc2 Rad8 20. b4 Rd7 21.
Rad1 Rfd8 22. Qb2 Kf7 23. Rc1 Na6 24. Rc2 Kg8 25. Bxf6 gxf6 26. Nxf6+ Kf7 27.
Nxd7 Rxd7 28. Qh8 Kg6 29. Qg8+ Kf6 30. f5 e5 31. h4 Nc7 32. g4 Qd8 33. g5+ Ke7
34. Qxh7+ Kd6 35. Rd1+ Kc6 36. b5+ 1-0

[Event "Championnat de France des Jeunes - Benjamins"]
[Site "MONTLUCON"]
[Date "2011.04.19"]
[Round "4.5"]
[White "Poulet, Pierre-Emmanuel"]
[Black "Rodriguez, Adrien"]
[Result "1-0"]
[WhiteElo "1903"]
[BlackElo "1889"]
[PlyCount "67"]

1. e4 c5 2. Nc3 d6 3. g3 Nf6 4. Bg2 Nc6 5. d3 g6 6. h3 Bg7 7. Be3 O-O 8. Qd2 e6
9. Nge2 a6 10. O-O Qe7 11. Kh2 Rd8 12. Rae1 d5 13. exd5 Nxd5 14. Nxd5 exd5 15.
Nc3 Qf8 16. Nxd5 Bf5 17. Bg5 f6 18. Bf4 g5 19. Bc7 Rd7 20. Bb6 Rc8 21. Qc3 Nd4
22. Qc4 Kh8 23. c3 Nb5 24. Re3 Rc6 25. Rfe1 Bg6 26. Ne7 Bf7 27. Qg4 Rxe7 28.
Rxe7 Rxb6 29. Qd7 Rd6 30. Qxb7 Kg8 31. a4 Rxd3 32. axb5 axb5 33. Qxb5 c4 34.
Re8 1-0

[Event "Championnat de France des Jeunes - Benjamins"]
[Site "MONTLUCON"]
[Date "2011.??.19"]
[Round "4.6"]
[White "Hyjazi, Theo"]
[Black "Delpierre, Elie"]
[Result "1-0"]
[WhiteElo "1717"]
[BlackElo "1781"]
[PlyCount "89"]

1. b3 d5 2. Bb2 Bf5 3. Nf3 c5 4. e3 Nc6 5. Bb5 e6 6. O-O Nf6 7. Bxc6+ bxc6 8.
d3 Bd6 9. c4 O-O 10. h3 Rb8 11. Nc3 Qd7 12. Rc1 e5 13. e4 dxe4 14. Nxe4 Rfe8
15. Re1 Bxe4 16. dxe4 Rbd8 17. Qe2 Nh5 18. Rcd1 Nf4 19. Qf1 Qc8 20. Bc1 Re6 21.
Bxf4 exf4 22. Rd3 Be5 23. Nxe5 Rxe5 24. Red1 Rde8 25. f3 f5 26. exf5 Qxf5 27.
Rd8 Qe6 28. Qd3 Re1+ 29. Kh2 Qg6 30. Rxe8+ Rxe8 31. Qxg6 hxg6 32. Rd7 a5 33.
Ra7 Re5 34. Rxa5 Kf8 35. Ra8+ Ke7 36. Ra7+ Kf8 37. a4 Re8 38. Rb7 g5 39. Rb6
Rc8 40. a5 Ra8 41. a6 Ke7 42. Rxc6 Kd7 43. Rg6 Kc8 44. Rxg7 Rxa6 45. Rxg5 1-0

[Event "Championnat de France des Jeunes - Benjamins"]
[Site "MONTLUCON"]
[Date "2011.04.19"]
[Round "4.7"]
[White "Lam-Roques, Kalvin"]
[Black "Vuddamalay, Milan"]
[Result "1-0"]
[WhiteElo "1876"]
[BlackElo "1703"]
[PlyCount "96"]

1. e3 d5 2. f4 Nf6 3. Nf3 c5 4. b3 g6 5. Bb2 Bg7 6. Be2 Nc6 7. O-O O-O 8. h3
Re8 9. d3 Nh5 10. Bxg7 Kxg7 11. Qe1 e5 12. fxe5 Nxe5 13. Qf2 Nxf3+ 14. Bxf3 Nf6
15. Nd2 Be6 16. Rae1 Qe7 17. e4 d4 18. Qg3 Rad8 19. Rf2 b5 20. Ref1 Nd7 21. Be2
f6 22. Nf3 Bg8 23. Nh4 Qe5 24. Qf3 Qg5 25. g3 Rf8 26. Qg2 Be6 27. Nf3 Qh6 28.
g4 Ne5 29. Nxe5 fxe5 30. Qg3 Rf4 31. Rxf4 exf4 32. Rxf4 Qg5 33. h4 Qe7 34. g5
Qc7 35. Qf2 Qe5 36. Rf6 a5 37. Qf4 Qxf4 38. Rxf4 Re8 39. Kg2 Bd7 40. Rf6 a4 41.
Rd6 Be6 42. Rb6 axb3 43. axb3 Bd7 44. Rb7 Re7 45. Bg4 Bxg4 46. Rxe7+ Kf8 47.
Rc7 c4 48. bxc4 bxc4 1-0

[Event "Championnat de France des Jeunes - Benjamins"]
[Site "MONTLUCON"]
[Date "2011.04.19"]
[Round "4.8"]
[White "Simon, Antoine"]
[Black "Ek, Alexandre"]
[Result "0-1"]
[WhiteElo "1770"]
[BlackElo "1872"]
[PlyCount "100"]

1. d4 Nf6 2. e3 c5 3. c3 g6 4. Bd3 Bg7 5. Nf3 O-O 6. O-O d5 7. Ne5 Nc6 8. f4
cxd4 9. exd4 Qc7 10. Nd2 Rb8 11. Qe1 b5 12. a3 a5 13. Qg3 b4 14. Ndf3 bxc3 15.
bxc3 Nh5 16. Qe1 Na7 17. Be2 Nb5 18. Bd2 Nf6 19. Bd3 Ne8 20. a4 Nbd6 21. Qh4
Nf6 22. Ng5 Rb2 23. Be1 Bf5 24. Bxf5 Nxf5 25. Qh3 Re2 26. Qd3 Rb2 27. c4 dxc4
28. Nxc4 Rbb8 29. Nxa5 Nd5 30. Rd1 Nde3 31. Bc3 Nxf1 32. Rxf1 Qxc3 33. Qxc3
Bxd4+ 34. Qxd4 Nxd4 35. Rd1 Ne2+ 36. Kf1 Nxf4 37. Nc6 Rb7 38. Nd8 Rc7 39. Ngxf7
Rxf7 40. Nxf7 Kxf7 41. g3 Ne6 42. Ra1 Ra7 43. Ke2 Nc5 44. a5 Nb3 45. Ra3 Nxa5
46. Kd3 Nc6 47. Rc3 Ne5+ 48. Ke4 Ke6 49. Rb3 Ra4+ 50. Ke3 Ng4+ 0-1

[Event "Championnat de France des Jeunes - Benjamins"]
[Site "MONTLUCON"]
[Date "????.??.19"]
[Round "4.9"]
[White "Kern, Nicolas"]
[Black "Le Pen, Steven"]
[Result "1-0"]
[WhiteElo "1769"]
[BlackElo "1853"]
[PlyCount "53"]

1. e4 c5 2. Nc3 Nc6 3. g3 g6 4. Bg2 Bg7 5. d3 e6 6. Be3 d6 7. Qd2 Rb8 8. Nge2
a6 9. O-O b5 10. Nd1 Qa5 11. e5 Qc7 12. exd6 Qxd6 13. Nec3 Bd4 14. Ne4 Qc7 15.
Nxc5 Bg7 16. Re1 Nge7 17. d4 O-O 18. Bf4 e5 19. dxe5 Bxe5 20. Bxe5 Nxe5 21. Qf4
f6 22. Nd3 Qxc2 23. Nxe5 fxe5 24. Qxe5 Bg4 25. Qxe7 Bxd1 26. Bd5+ Kh8 27. Qe5+
1-0

[Event "Championnat de France des Jeunes - Benjamins"]
[Site "MONTLUCON"]
[Date "2011.04.19"]
[Round "4.10"]
[White "Grezels, Florian"]
[Black "Stili, Mehdi"]
[Result "1-0"]
[WhiteElo "1852"]
[BlackElo "1760"]
[PlyCount "71"]

1. e4 c5 2. Nf3 Nc6 3. d4 cxd4 4. Nxd4 e5 5. Nb5 d6 6. c4 Be7 7. N1c3 a6 8. Na3
f5 9. exf5 Bxf5 10. Be3 Nf6 11. Be2 O-O 12. O-O Qe8 13. Nd5 Bd8 14. Nb6 Bxb6
15. Bxb6 Qg6 16. Kh1 Nd7 17. Be3 Kh8 18. Rc1 Nb4 19. Qb3 a5 20. Nb5 Bc2 21. Qa3
Nc5 22. Bxc5 dxc5 23. Nc7 Rac8 24. Nd5 Nxd5 25. cxd5 b6 26. f3 e4 27. Qc3 exf3
28. Bxf3 Be4 29. Bxe4 Qxe4 30. Qd2 Rfd8 31. d6 Qe6 32. Rcd1 Kg8 33. Rfe1 Qg6
34. d7 Rc7 35. Qd5+ Qf7 36. Re8+ 1-0

[Event "Championnat de France des Jeunes - Benjamins"]
[Site "MONTLUCON"]
[Date "2011.04.20"]
[Round "5.1"]
[White "Lamard, Guillaume"]
[Black "Bellahcene, Bilel"]
[Result "0-1"]
[WhiteElo "2162"]
[BlackElo "2156"]
[Annotator ""]

1. e4 c5 2. Nf3 Nc6 3. d4 cxd4 4. Nxd4 Qb6 5. Nb3 Nf6 6. Nc3 e6 7. Be3 Qc7 8.
Be2 Bb4 9. O-O Bxc3 10. bxc3 Nxe4 11. Bd3 Nf6 12. c4 b6 13. Re1 Bb7 14. Nd4
Nxd4 15. Bxd4 Qc6 16. f3 Rd8 17. Rb1 Ba6 18. Qd2 Bxc4 19. Qg5 Bxd3 20. cxd3 Qd6
21. Be5 Qf8 22. Bxf6 gxf6 23. Qxf6 Rg8 24. Re4 Qc5+ 25. Kh1 Qc2 26. Rg1 Qxd3
27. Rd4 Qe3 28. Re4 Qg5 29. Qc3 Ke7 30. Rc4 Qa5 31. Qc2 Rg5 32. Qxh7 Rh5 33.
Qc2 Rdh8 34. h3 Qg5 35. Rg4 Qe5 36. Rd1 Rxh3+ 37. gxh3 Rxh3+ 38. Kg1 Qe3+ 39.
Qf2 Rh1+ 40. Kxh1 Qxf2 41. Rgd4 Qxf3+ 42. Kg1 d5 43. R4d3 Qg4+ 44. Kf2 Qc4 45.
a3 Kd6 46. R1d2 e5 47. Rf3 Ke6 48. Kg3 e4 49. Rf4 Qc3+ 0-1

[Event "Championnat de France des Jeunes - Benjamins"]
[Site "MONTLUCON"]
[Date "2011.04.20"]
[Round "5.2"]
[White "Hyjazi, Theo"]
[Black "Gelas, Christophe"]
[Result "0-1"]
[WhiteElo "1717"]
[BlackElo "2047"]
[PlyCount "140"]

1. b3 d5 2. Bb2 c5 3. e3 Nc6 4. Bb5 Nf6 5. Nf3 Bg4 6. Bxc6+ bxc6 7. d3 e6 8.
Nbd2 h6 9. h3 Bh5 10. g4 Bg6 11. Ne5 Bd6 12. Nxg6 fxg6 13. Nf3 O-O 14. Qe2 Qa5+
15. Qd2 Qc7 16. Qe2 e5 17. e4 Nd7 18. Nd2 Rf7 19. h4 Raf8 20. f3 Qa5 21. c3 Be7
22. Rh3 d4 23. Nc4 Qd8 24. h5 Bh4+ 25. Kd2 gxh5 26. gxh5 Qg5+ 27. Kc2 Qxh5 28.
Rf1 g5 29. Nd6 g4 30. Rxh4 Qxh4 31. Nxf7 Rxf7 32. fxg4 Rxf1 33. Qxf1 Qxg4 34.
Qh1 h5 35. Bc1 h4 36. Bd2 h3 37. Be1 Qg2+ 38. Qxg2+ hxg2 39. Bf2 Nf6 40. cxd4
cxd4 41. Kd2 Nh5 42. Ke2 Nf4+ 43. Kf3 Nxd3 44. Kxg2 Nxf2 45. Kxf2 Kf7 46. Kf3
a5 47. a3 Ke6 48. Ke2 Kd6 49. Kd2 Kc5 50. Kd3 Kb5 51. Kd2 a4 52. b4 c5 53. bxc5
Kxc5 54. Kd3 Kb5 55. Kd2 Kc4 56. Kc2 d3+ 57. Kd2 Kd4 58. Kd1 Kxe4 59. Kd2 Kd4
60. Kd1 e4 61. Kd2 e3+ 62. Ke1 Kc3 63. Kd1 e2+ 64. Ke1 Kc2 65. Kf2 Kd1 66. Ke3
d2 67. Kd3 e1=Q 68. Kc3 Qe4 69. Kb2 Ke2 70. Ka2 Qc2+ 0-1

[Event "Championnat de France des Jeunes - Benjamins"]
[Site "MONTLUCON"]
[Date "2011.04.20"]
[Round "5.3"]
[White "Poulet, Pierre-Emmanuel"]
[Black "Purenne, Benoit"]
[Result "0-1"]
[WhiteElo "1903"]
[BlackElo "1940"]
[PlyCount "170"]

1. e4 c5 2. Nc3 Nc6 3. g3 g6 4. Bg2 Bg7 5. d3 d6 6. Be3 Nd4 7. Qd2 Qa5 8. Nge2
Nxe2 9. Kxe2 e6 10. Rhe1 h5 11. h3 Ne7 12. Kf1 e5 13. Nd1 Qxd2 14. Bxd2 Be6 15.
Ne3 Kd7 16. a3 h4 17. g4 f5 18. Bf3 Bh6 19. Ke2 Bxe3 20. Bxe3 f4 21. Bd2 Nc6
22. Bc3 b5 23. b3 Nd8 24. a4 b4 25. Bb2 Nf7 26. Bg2 Ng5 27. f3 Rac8 28. Rh1 Rc6
29. Rac1 Rhc8 30. Kd2 Ke7 31. Rhf1 Kf6 32. Rfe1 Bf7 33. Ba1 Rd8 34. Re2 Ne6 35.
Rce1 Rdc8 36. Rc1 Nd8 37. Ree1 R6c7 38. Bf1 Nc6 39. Rb1 Nb8 40. Bg2 Nd7 41.
Rbc1 Nb6 42. Bf1 Be8 43. Rb1 Rb8 44. Rb2 Bc6 45. Rbb1 Rbc8 46. Bg2 Re8 47. Re2
Rce7 48. Rbe1 a5 49. Bf1 d5 50. Bg2 dxe4 51. fxe4 Rd7 52. Kc1 Kg5 53. Bf3 Bb7
54. Rf2 Ba6 55. Be2 Nc8 56. Ref1 Rf7 57. Rf3 Nd6 58. R1f2 Re6 59. Bf1 Bb7 60.
Re2 Rff6 61. Bb2 Kh6 62. Rg2 Nf7 63. Rgf2 Ng5 64. Bxe5 Rxe5 65. Rxf4 Rxf4 66.
Rxf4 Re7 67. Kd2 Ne6 68. Rf2 Kg5 69. Ke3 Nd4 70. Bg2 Bc6 71. Kd2 Be8 72. Rf8
Rf7 73. Rxe8 Rf2+ 74. Ke1 Rxg2 75. Re5+ Kf4 76. Rxc5 Rh2 77. Rxa5 Rxh3 78. Ra8
Rh2 79. a5 h3 80. a6 Rh1+ 81. Kd2 h2 82. Rf8+ Kg3 83. a7 Rd1+ 84. Kxd1 h1=Q+
85. Kd2 Qh6+ 0-1

[Event "Championnat de France des Jeunes - Benjamins"]
[Site "MONTLUCON"]
[Date "2011.04.20"]
[Round "5.4"]
[White "Kambrath, Yannick"]
[Black "Stili, Karim"]
[Result "1-0"]
[WhiteElo "2124"]
[BlackElo "1803"]
[PlyCount "69"]

1. d4 d5 2. c4 e6 3. Nc3 Nf6 4. cxd5 exd5 5. Bg5 Be7 6. e3 c6 7. Bd3 O-O 8. Qc2
Nbd7 9. Nf3 Re8 10. O-O Nf8 11. Rab1 Kh8 12. b4 Ne4 13. Bxe7 Qxe7 14. b5 Ng6
15. bxc6 bxc6 16. Na4 Bb7 17. Rfc1 Rab8 18. Rb3 Ba8 19. Rcb1 Rxb3 20. Rxb3 Qc7
21. Nc5 Nxc5 22. Qxc5 f6 23. Ra3 Re7 24. Bxg6 hxg6 25. Nh4 Kh7 26. Qc2 Re4 27.
Nxg6 Kxg6 28. f3 Qe7 29. Rb3 Bb7 30. fxe4 dxe4 31. Qc5 Qxc5 32. dxc5 Bc8 33.
Rb8 Be6 34. a3 Bc4 35. a4 1-0

[Event "Championnat de France des Jeunes - Benjamins"]
[Site "MONTLUCON"]
[Date "2011.04.20"]
[Round "5.5"]
[White "Dumas, Charles"]
[Black "Msellek, Ilyass"]
[Result "0-1"]
[WhiteElo "1806"]
[BlackElo "2083"]
[PlyCount "112"]

1. e4 e6 2. d4 d5 3. Nd2 Nf6 4. e5 Nfd7 5. Ngf3 c5 6. c3 Nc6 7. Bd3 b6 8. O-O
cxd4 9. cxd4 Nb4 10. Bb5 a6 11. Be2 Be7 12. a3 Nc6 13. Re1 g5 14. g4 h5 15. h3
Nf8 16. Bd3 Bb7 17. Nf1 h4 18. b4 b5 19. N1d2 Nd7 20. Nb3 Rg8 21. Bd2 Nb6 22.
Nc5 Bxc5 23. bxc5 Nc4 24. Qc1 Nxd2 25. Qxd2 Na5 26. Rab1 Nc4 27. Qc1 Bc6 28.
Re2 Rc8 29. Re1 a5 30. Nd2 Rb8 31. Nxc4 dxc4 32. Be4 Bxe4 33. Rxe4 Qd5 34. Re1
Qxd4 35. c6 Qc5 36. Qd2 Qxc6 37. Qxa5 Qb7 38. Qb4 Qe7 39. Qc3 Qc5 40. Re4 Ke7
41. a4 bxa4 42. Rxb8 Rxb8 43. Rxc4 Rb1+ 44. Kg2 Qd5+ 45. f3 Rb2+ 46. Qxb2 Qxc4
47. Qb7+ Kf8 48. Qb8+ Kg7 49. Qb2 Qf4 50. Qc3 Qg3+ 51. Kf1 Qxh3+ 52. Ke2 Qg2+
53. Ke3 Qa2 54. Qc8 Qb3+ 55. Ke4 Qd5+ 56. Ke3 Qxe5+ 0-1

[Event "Championnat de France des Jeunes - Benjamins"]
[Site "MONTLUCON"]
[Date "2011.04.20"]
[Round "5.7"]
[White "Pruvot, Louis"]
[Black "Lagrave, Lucas"]
[Result "1-0"]
[WhiteElo "1973"]
[BlackElo "1775"]
[PlyCount "73"]

1. d4 d5 2. c4 e6 3. Nf3 Nf6 4. Bg5 c6 5. e3 Nbd7 6. a3 Be7 7. Nc3 O-O 8. Qc2
Re8 9. Rd1 g6 10. h3 Nh5 11. Bxe7 Qxe7 12. Be2 Ng7 13. O-O a6 14. Rd2 Kh8 15.
Rfd1 dxc4 16. Bxc4 b5 17. Ba2 Bb7 18. Ne4 Rac8 19. Nc5 Nb6 20. Rc1 Red8 21. Qe4
Nf5 22. Rdc2 Nd6 23. Qf4 Nd5 24. Qg3 Kg8 25. Ne5 Nf5 26. Qf3 Rd6 27. Rd2 Ng7
28. e4 Nb6 29. Ng4 Rcd8 30. Rcd1 Na4 31. e5 Rxd4 32. Rxd4 Rxd4 33. Rxd4 Nxc5
34. Nf6+ Kh8 35. Qd1 Nf5 36. Rd8+ Kg7 37. Rg8+ 1-0

[Event "Championnat de France des Jeunes - Benjamins"]
[Site "MONTLUCON"]
[Date "2011.04.20"]
[Round "5.8"]
[White "Kern, Nicolas"]
[Black "Lam-Roques, Kalvin"]
[Result "1/2-1/2"]
[WhiteElo "1769"]
[BlackElo "1876"]
[PlyCount "53"]

1. e4 c5 2. Nc3 Nc6 3. g3 g6 4. Bg2 Bg7 5. d3 e6 6. Be3 d6 7. Qd2 a6 8. Nge2
Qc7 9. O-O Nge7 10. Bh6 O-O 11. Bxg7 Kxg7 12. f4 f5 13. Rae1 Bd7 14. Nd1 Rae8
15. Ne3 b5 16. exf5 Nxf5 17. Nxf5+ Rxf5 18. g4 Rf7 19. Ng3 Ref8 20. Rf2 Qc8 21.
Ref1 Kg8 22. h4 Ne7 23. Ne4 Qc7 24. Ng5 Rf6 25. Ne4 R6f7 26. Ng5 Rf6 27. Ne4
1/2-1/2

[Event "Championnat de France des Jeunes - Benjamins"]
[Site "MONTLUCON"]
[Date "2011.04.20"]
[Round "5.9"]
[White "Ek, Alexandre"]
[Black "Venou, Randjit"]
[Result "1-0"]
[WhiteElo "1872"]
[BlackElo "1693"]
[PlyCount "65"]

1. e4 c5 2. c3 d5 3. exd5 Qxd5 4. d4 Nc6 5. Na3 a6 6. Nf3 cxd4 7. cxd4 Bg4 8.
Be2 e6 9. Nc2 Bh5 10. O-O Nf6 11. Ne3 Qd8 12. Nc4 Rc8 13. Bg5 Bxf3 14. Bxf3
Nxd4 15. Ne5 Nxf3+ 16. Qxf3 Qd5 17. Rac1 Rc5 18. b4 Qxf3 19. Nxf3 Rxc1 20. Rxc1
Be7 21. Rc7 Bd8 22. Rxb7 O-O 23. Ra7 a5 24. bxa5 h6 25. Bf4 Nd5 26. Bd6 Re8 27.
Ra8 f6 28. Nd4 Kf7 29. Nc6 Bc7 30. Ra7 Rc8 31. Nd4 e5 32. Nb5 Rb8 33. a4 1-0

[Event "Championnat de France des Jeunes - Benjamins"]
[Site "MONTLUCON"]
[Date "2011.04.20"]
[Round "5.10"]
[White "Micottis, Dorian"]
[Black "Grezels, Florian"]
[Result "0-1"]
[WhiteElo "1727"]
[BlackElo "1852"]
[PlyCount "84"]

1. e4 d6 2. d4 Nf6 3. Nc3 Nbd7 4. g3 e5 5. Nge2 Be7 6. Bg2 O-O 7. O-O c6 8. a4
a5 9. h3 Re8 10. Be3 Nf8 11. Qd2 Ng6 12. b3 Qc7 13. Rad1 Bd7 14. g4 Rad8 15.
Ng3 h6 16. d5 Rc8 17. Rc1 Bf8 18. Nce2 Nh4 19. c4 b6 20. Rfd1 cxd5 21. cxd5 Qb7
22. Nc3 Red8 23. Rc2 Ne8 24. Rdc1 Nc7 25. g5 Bxh3 26. Bh1 Na6 27. gxh6 Nc5 28.
hxg7 Bxg7 29. Bg5 Nxb3 30. Qe3 Ng6 31. Bxd8 Nxc1 32. Bxb6 Nb3 33. Nh5 Bd7 34.
Nxg7 Kxg7 35. Rb2 Nd4 36. Nd1 Qa6 37. Bxd4 exd4 38. Qxd4+ Ne5 39. f4 Rc4 40.
Qe3 Ng4 41. Qg3 Qa7+ 42. Kg2 Qd4 0-1

[Event "Championnat de France des Jeunes - Benjamins"]
[Site "MONTLUCON"]
[Date "2011.04.21"]
[Round "6.1"]
[White "Bellahcene, Bilel"]
[Black "Gelas, Christophe"]
[Result "1-0"]
[WhiteElo "2156"]
[BlackElo "2047"]
[Annotator ""]

1. d4 d5 2. c4 c6 3. Nc3 Nf6 4. e3 e6 5. Nf3 Nbd7 6. Qc2 Bd6 7. g4 Nxg4 8. Rg1
Nxh2 9. Nxh2 Bxh2 10. Rxg7 Nf8 11. Rg2 Bd6 12. e4 Ng6 13. Bg5 f6 14. Be3 Nh4
15. Rg7 dxe4 16. O-O-O Ng6 17. Nxe4 Kf8 18. Rxg6 hxg6 19. Nxd6 Qxd6 20. Qxg6
Qe7 21. Bh6+ Rxh6 22. Qxh6+ Qg7 23. Qh2 Bd7 24. Bd3 f5 25. Rh1 Ke7 26. Bc2 Rg8
27. c5 Kd8 28. Qb8+ Bc8 29. Qxa7 Qg5+ 30. Kb1 Qg1+ 31. Rxg1 Rxg1+ 32. Bd1 Rxd1+
33. Kc2 Rxd4 34. Qa5+ Kd7 35. Qc3 e5 36. Qg3 Rd5 37. Qg7+ Kd8 38. Qf8+ Kc7 39.
Qe7+ Kb8 40. b4 f4 41. Kc3 Bh3 42. a4 Bf1 43. b5 cxb5 44. a5 e4 45. a6 1-0

[Event "Championnat de France des Jeunes - Benjamins"]
[Site "MONTLUCON"]
[Date "2011.04.21"]
[Round "6.2"]
[White "Purenne, Benoit"]
[Black "Lamard, Guillaume"]
[Result "0-1"]
[WhiteElo "1940"]
[BlackElo "2162"]
[PlyCount "102"]

1. d4 Nf6 2. c4 g6 3. Nc3 d5 4. Bg5 Ne4 5. Bf4 Nxc3 6. bxc3 Bg7 7. Nf3 O-O 8.
e3 c5 9. cxd5 cxd4 10. cxd4 Qxd5 11. Be2 Nc6 12. O-O Bf5 13. Qa4 Qa5 14. Qxa5
Nxa5 15. Rac1 Rfc8 16. Nd2 Be6 17. a3 Bd5 18. e4 Ba2 19. e5 Bd5 20. Rb1 e6 21.
Rfc1 Bf8 22. a4 Ba3 23. Rxc8+ Rxc8 24. h4 Rc1+ 25. Rxc1 Bxc1 26. Be3 Bb2 27.
Bd3 Nc6 28. Ne4 Bxd4 29. Nf6+ Kg7 30. Bxd4 Nxd4 31. Be4 Bxe4 32. Nxe4 a6 33.
Nc5 b5 34. axb5 axb5 35. Nd3 f6 36. f4 Nf5 37. Nc5 Kf7 38. Kf2 fxe5 39. fxe5
Nxh4 40. g4 b4 41. Kg3 g5 42. Ne4 Ke7 43. Nxg5 b3 44. Ne4 b2 45. Nc3 Ng6 46. g5
Nxe5 47. Kf4 Nc4 48. Nb1 Kf7 49. Ke4 Kg6 50. Kf4 e5+ 51. Kg4 e4 0-1

[Event "Championnat de France des Jeunes - Benjamins"]
[Site "MONTLUCON"]
[Date "2011.04.21"]
[Round "6.3"]
[White "Ek, Alexandre"]
[Black "Kambrath, Yannick"]
[Result "0-1"]
[WhiteElo "1872"]
[BlackElo "2124"]
[PlyCount "44"]

1. e4 e5 2. Nf3 Nc6 3. Bb5 Bc5 4. O-O Nd4 5. Bc4 d6 6. b4 Bb6 7. c3 Nxf3+ 8.
Qxf3 Nf6 9. Bb2 Bg4 10. Qg3 Qd7 11. h3 Be6 12. Na3 Nxe4 13. Qxg7 O-O-O 14. d3
Rdg8 15. Qh6 Rg6 16. Bxe6 Qxe6 17. Qh4 Nd2 18. Kh2 Rhg8 19. f3 Rxg2+ 20. Kh1
Nxf1 21. Rxf1 R2g3 22. Kh2 Bg1+ 0-1